01063cam a22002651 4500001001300000003000400013005001700017008004100034010001700075020001200092040001800104050001700122100002900139245009900168260004400267300002300311500004200334500005700376505018000433630005100613700004400664740003000708740002400738740003500762he 68003915 DLC20260227111507.0890501s1966 is 000 0 eng  ahe 68003915  cIL15.00 aDLCcDLCdDLC00aBS1193b.P471 aPerlman, Robert Odehyah.14aThe heritage of Biblical achievementsc[by] Robert Odehjah Perlman and Assya Malkiely Perlman. aJerusalem,bJerusalem Institute,c1966] a3 v. in 1.c22 cm. aAdded t.p.: Sefer pitronot ha-Tanakh. aAt head of title: The Jerusalem Institute guidebook.0 av. 1. The Biblical system of personality development. Advanced practical training for HIAE teachers.--v. 2. Inner personality development.--v. 3. Ḥinukh Yehudi li-mevugarim.00aBible.pOld TestamentxOutlines, syllabi, etc.2 aMalkiely-Perlman, Assya,ejoint author.0 aSefer pitronot ha-Tanakh.0 aPitronot ha-Tanakh.0 aJerusalem Institute guidebook.